000 00256nam a22001097a 4500
008 170116b xxu||||| |||| 00| 0 eng d
020 _a9780803621848
041 _aeng
080 _25th
_a618.2
245 _aI.V. THERAPEUTICS
_cPHILLIPS, L.D
942 _2udc
_cBK
999 _c2944
_d2944